000 00285nam a2200109Ia 4500
008 220204s9999 xx 000 0 und d
082 _a321.2(548)
_bTHU
100 _aThurston, E
245 0 _aCastes and tribes of Southern India. V 1 A & B
260 _aDelhi
_bCosmo
_c1975
942 _cBK
999 _c29602
_d29602